Largest Cities In Nevada - Statistics

General Stats
  • This quiz has been taken 13 times
  • The average score is 10 of 20
Answer Stats
Rank Population City % Correct
2 291,346 Henderson
100%
1 626,637 Las Vegas
100%
3 242,633 Reno
100%
10 54,467 Carson City
92%
4 236,986 North Las Vegas
92%
16 20,247 Elko
58%
9 98,524 Sparks
58%
20 15,680 Boulder City
50%
5 233,689 Paradise
42%
8 164,314 Enterprise
33%
18 17,904 Mesquite
33%
6 199,722 Spring Valley
33%
7 192,934 Sunrise Manor
33%
17 19,573 Fernley
25%
12 36,174 Pahrump
25%
14 27,506 Summerlin South
25%
11 43,072 Whitney
25%
19 16,241 Spanish Springs
17%
15 20,683 Sun Valley
17%
13 28,331 Winchester
17%
No matching quizzes found
Score Distribution
Percent of People with Each Score
Percentile by Number Answered
Your Score History
You have not taken this quiz